00970nam a2200229Ii 45000010005000000030009000050080041000140400033000550410008000880820017000961000037001132450050001502640106002003000012003063360026003183370028003443380027003729400050003999990017004499520137004669520137006032342CO-ViMGA241108s9999||||xx |||||||||||||| ||und|| aCO-ViMGAbspaerdacCO-ViMGA0 aunk04a321.3 - H45t1 aed. Hilton, Rodney Howard95420110aLa transición del feudalismo al capitalismo 1a[Lugar de publicación no identificado] : Editorial Latina, [Fecha de publicación no identificada] avolumen atextbtxt2rdacontent aunmediatedbn2rdamedia avolumebnc2rdacarrier aidficha_siabuc: 2294. -- ficha_no_siabuc:2342 c51075d51075 001040708001aMEVIGERRbMEVIGERRcGENd2007-05-10o321.3 - H45tpECA17551r2024-11-26 10:02:29tEj.2w2024-11-26yBKz2294 | 2739 001040708001aMEVIGERRbMEVIGERRcGENd2006-02-14o321.3 - H45tpECA16706r2024-11-26 10:02:29tEj.1w2024-11-26yBKz2294 | 2738